[Event "III Miedzynarodowy Memorial Ireny Warakomskiej - Open B"]
[Site "Suwalki"]
[Date "2019.08.12"]
[Round "4.28"]
[White "Cwiek, Ryszard "]
[Black "Szalko, Maciej "]
[Result "1/2-1/2"]
[WhiteTitle ""]
[BlackTitle ""]
[WhiteElo "1800"]
[BlackElo "1931"]

1. e4 c5 2. c3 Nf6 3. e5 Nd5 4. d4 cxd4 5. cxd4 d6 6. Nf3 g6 7. Nc3 Nxc3 8. bxc3
Bg7 9. Bf4 dxe5 10. Bxe5 O-O 11. Be2 Nd7 12. Bxg7 Kxg7 13. O-O Qb6 14. Qb3 Qf6
15. Rfe1 e5 16. Nxe5 Nxe5 17. dxe5 Qxe5 18. Bf3 Qf6 19. Qb4 Rb8 20. Re7 a5 21.
Qd4 Be6 22. Bxb7 Qxd4 23. cxd4 Rfd8 24. d5 Kf6 25. Rc7 Bxd5 26. Bxd5 Rxd5 27.
Rc2 Rd4 28. g3 Rb7 29. Kg2 a4 30. Kf3 Re7 31. Rb1 Rd3+ 32. Kg2 1/2-1/2

[Event "III Miedzynarodowy Memorial Ireny Warakomskiej - Open B"]
[Site "Suwalki"]
[Date "2019.08.12"]
[Round "4.29"]
[White "Paprocki, Antoni "]
[Black "Ryszkiewicz, Adam"]
[Result "0-1"]
[WhiteTitle ""]
[BlackTitle ""]
[WhiteElo "1752"]
[BlackElo "1927"]

1. e4 c5 2. Nf3 Nc6 3. d4 cxd4 4. Nxd4 Nf6 5. Nc3 e5 6. Ndb5 d6 7. Bg5 a6 8. Na3
b5 9. Nd5 Be7 10. Bxf6 Bxf6 11. c3 O-O 12. Nc2 Be7 13. a4 Rb8 14. axb5 axb5 15.
Nce3 Bg5 16. h4 Bxe3 17. Nxe3 Be6 18. Be2 b4 19. Bg4 bxc3 20. bxc3 Ne7 21. Bxe6
fxe6 22. Qg4 Qc8 23. O-O Rf4 24. Qg5 Qc7 25. Ra4 h6 26. Qg3 Rbf8 27. Rc4 Qb7 28.
f3 d5 29. Rb4 Qa7 30. Qe1 dxe4 31. Rxe4 Qc5 32. Kh2 Ng6 33. h5 Rxe4 34. fxe4 Nf4
35. g4 Rb8 36. Qd2 Qe7 37. Kg3 Qg5 38. Rh1 Rd8 39. Qf2 Rd3 40. Kf3 Rxc3 41. Qd2
Rd3 42. Qf2 Nxh5 43. Rxh5 Qf4+ 44. Kg2 Rxe3 45. Qxf4 exf4 46. e5 Kh7 47. g5 Kg6
48. gxh6 gxh6 49. Rh1 Rxe5 50. Kf3 Kg5 51. Rg1+ Kf5 52. Rh1 Re3+ 53. Kf2 Kg5 54.
Rg1+ Rg3 55. Re1 Kf5 56. Rh1 Rg6 57. Kf3 e5 58. Rh5+ Rg5 59. Rxh6 e4+ 60. Kf2
e3+ 0-1

[Event "III Miedzynarodowy Memorial Ireny Warakomskiej - Open B"]
[Site "Suwalki"]
[Date "2019.08.12"]
[Round "4.30"]
[White "Kozlowski, Michal"]
[Black "Bebnik, Malgorzata "]
[Result "1-0"]
[WhiteTitle ""]
[BlackTitle ""]
[WhiteElo "1926"]
[BlackElo "1737"]

1. e4 c6 2. d4 d5 3. exd5 cxd5 4. Bd3 Nc6 5. Ne2 Nb4 6. O-O Nxd3 7. Qxd3 Nf6 8.
Bf4 e6 9. Nbc3 Bd7 10. Nb5 Bxb5 11. Qxb5+ Qd7 12. Qxd7+ Nxd7 13. Nc1 Rc8 14. c3
Be7 15. Nd3 O-O 16. Rae1 Rc6 17. Re3 Rfc8 18. Rg3 Rb6 19. Bh6 g6 20. Bc1 Bd6 21.
Rf3 a5 22. h4 a4 23. a3 Rbc6 24. h5 Kg7 25. Rh3 Nf6 26. hxg6 hxg6 27. Bh6+ Kg8
28. g3 Bf8 29. Bg5 Bg7 30. Kg2 Kf8 31. Rfh1 Ng8 32. Nc5 b5 33. Rh7 R8c7 34. R7h3
e5 35. Be3 exd4 36. cxd4 Re7 37. Rc1 Rb6 38. Rh4 Bf6 39. Rhh1 Bg7 40. Rhd1 Nh6
41. Bd2 Kg8 42. Bg5 f6 43. Bxh6 Bxh6 44. Rc2 Rc6 45. Rc3 Rec7 46. Rf3 Bf8 47.
Nd3 Kg7 48. Nf4 Rd7 49. Re1 Kf7 50. Nd3 Bd6 51. Ne5+ Bxe5 52. dxe5 f5 53. g4 Ke6
54. gxf5+ gxf5 55. Rg3 d4 56. Rg6+ Kd5 57. e6 Re7 58. Rf6 Rcxe6 59. Rxf5+ Re5
60. Rfxe5+ Rxe5 61. Rxe5+ Kxe5 62. Kf1 Kd5 63. Ke2 Kc4 64. f4 Kb3 65. Kd2 Kxb2
66. f5 Kxa3 67. f6 b4 68. f7 b3 69. f8=Q+ Ka2 70. Qb4 a3 71. Qc4 Kb2 72. Qxd4+
Kb1 73. Qa4 Kb2 74. Qd4+ Ka2 75. Qg1 Kb2 76. Qd1 Ka2 77. Kc3 b2 78. Kc2 1-0

[Event "III Miedzynarodowy Memorial Ireny Warakomskiej - Open B"]
[Site "Suwalki"]
[Date "2019.08.12"]
[Round "4.31"]
[White "Skawinski, Szymon"]
[Black "Hasinski, Krystian "]
[Result "1/2-1/2"]
[WhiteTitle ""]
[BlackTitle ""]
[WhiteElo "1676"]
[BlackElo "1902"]

1. e4 g6 2. d4 Bg7 3. Nf3 d6 4. Be3 c5 5. c3 cxd4 6. cxd4 Nf6 7. Nc3 O-O 8. Bd3
Ng4 9. Qd2 Nxe3 10. Qxe3 Nc6 11. d5 Ne5 12. Nxe5 Bxe5 13. f4 Bg7 14. O-O Qa5 15.
e5 a6 16. a3 b5 17. b4 Qc7 18. Rac1 dxe5 19. Nxb5 Qd7 20. Nc7 Rb8 21. fxe5 Bb7
22. e6 fxe6 23. Qxe6+ Qxe6 24. dxe6 Bb2 25. Rb1 Rxf1+ 26. Bxf1 Bxa3 27. Nxa6 Bxa6
28. Bxa6 Bxb4 29. Kh1 Kg7 30. Rf1 Bd6 31. g3 Rb2 32. Bc4 Kh6 33. Bd5 Kg5 34. Bf3
h5 35. h4+ Kh6 36. Rg1 Rf2 37. Bd5 Rf5 38. Bc4 Rc5 39. Ba2 Rc3 40. Kh2 Ra3 41.
Bd5 Ra5 42. Bb3 Rb5 43. Ba2 Kg7 44. Kh3 Ra5 45. Rg2 Ra4 46. Bd5 1/2-1/2

[Event "III Miedzynarodowy Memorial Ireny Warakomskiej - Open B"]
[Site "Suwalki"]
[Date "2019.08.12"]
[Round "4.32"]
[White "Sapeta, Robert "]
[Black "Sentowski, Sebastian "]
[Result "1-0"]
[WhiteTitle ""]
[BlackTitle ""]
[WhiteElo "1896"]
[BlackElo "1742"]

1. d4 d5 2. Nc3 c6 3. e4 dxe4 4. Nxe4 Nf6 5. Nxf6+ exf6 6. Bc4 Bd6 7. Qe2+ Qe7
8. Qxe7+ Bxe7 9. Bf4 O-O 10. O-O-O b5 11. Bb3 a5 12. a4 Be6 13. d5 Bxd5 14. Bxd5
cxd5 15. axb5 Rd8 16. Bc7 Rd7 17. Bg3 Bd6 18. Nf3 Bxg3 19. hxg3 Raa7 20. Rh5 g5
21. Rdh1 Rab7 22. Nd4 Re7 23. Kd2 Re5 24. Rxh7 Kf8 25. Rh8+ Kg7 26. f4 Nd7 27.
fxe5 fxe5 28. R8h7+ Kf6 29. R1h6+ Ke7 30. Nf5+ Kf8 31. Rh8# 1-0

[Event "III Miedzynarodowy Memorial Ireny Warakomskiej - Open B"]
[Site "Suwalki"]
[Date "2019.08.12"]
[Round "4.33"]
[White "Furtak, Joanna "]
[Black "Mazurek, Jerzy "]
[Result "1-0"]
[WhiteTitle ""]
[BlackTitle ""]
[WhiteElo "1893"]
[BlackElo "1653"]

1. e4 e6 2. d4 d5 3. Nc3 dxe4 4. Nxe4 Nd7 5. Nf3 Ngf6 6. Nxf6+ Nxf6 7. Bd3 c5 8.
O-O cxd4 9. Nxd4 Be7 10. Re1 O-O 11. c3 b6 12. Nc6 Qc7 13. Nxe7+ Qxe7 14. Bg5
Bb7 15. Qc2 h6 16. Bh4 Rfe8 17. Re2 Qc5 18. Rae1 Qd5 19. f3 Qh5 20. Bf2 e5 21.
Bg3 Nd7 22. Bb5 Re7 23. Bxd7 Rxd7 24. Bxe5 Qg6 25. Qxg6 fxg6 26. Bd4 Kf7 27. Kf2
Bd5 28. b3 b5 29. Bc5 Rad8 30. Re7+ Kg8 31. Re8+ Rxe8 32. Rxe8+ Kf7 33. Rf8+ Ke6
34. Bd4 b4 35. Ke3 bxc3 36. Bxc3 Kd6 37. Re8 g5 38. Bb4+ Kc7 39. g4 Rf7 40. Re7+
Rxe7+ 41. Bxe7 g6 42. Bf8 h5 43. Be7 Be6 44. h3 hxg4 45. fxg4 Kd7 46. Bxg5 Kd6
47. Bf6 Bd5 48. Kf4 Ke6 49. Kg5 Kf7 50. Bc3 a6 51. h4 Be4 52. h5 gxh5 53. gxh5
Bb1 54. a3 Bc2 55. b4 Bd3 56. a4 Bc2 57. b5 Bxa4 58. bxa6 Bc6 59. a7 Kg8 60. h6
Kh7 61. Bg7 Kg8 62. Kf6 Ba8 63. Ke7 Be4 64. Kd8 Kf7 65. Kc7 1-0

[Event "III Miedzynarodowy Memorial Ireny Warakomskiej - Open B"]
[Site "Suwalki"]
[Date "2019.08.12"]
[Round "4.34"]
[White "Jasinowicz, Waclaw "]
[Black "Weintraub, Amit"]
[Result "0-1"]
[WhiteTitle ""]
[BlackTitle ""]
[WhiteElo "1523"]
[BlackElo "1876"]

1. e4 d5 2. exd5 Qxd5 3. Nc3 Qd6 4. d4 Nf6 5. Nf3 h6 6. a4 Nc6 7. h3 Bf5 8. Bc4
e5 9. Be3 O-O-O 10. dxe5 Nxe5 11. Qxd6 Nxf3+ 12. Ke2 Bxd6 13. Kxf3 Bxc2 14. Bxf7
Rhf8 15. Be6+ Kb8 16. Ke2 Bb4 17. Bc4 Bxc3 18. bxc3 Ne4 19. Bd4 c5 20. Rhc1 cxd4
21. Rxc2 Rxf2+ 22. Kd1 dxc3+ 23. Kc1 Nd2 24. Rxc3 Nxc4 25. Rxc4 Re8 26. Rd4 Re1+
0-1

[Event "III Miedzynarodowy Memorial Ireny Warakomskiej - Open B"]
[Site "Suwalki"]
[Date "2019.08.12"]
[Round "4.35"]
[White "Milanowski, Jan"]
[Black "Czernecki, Andrzej "]
[Result "1-0"]
[WhiteTitle ""]
[BlackTitle ""]
[WhiteElo "1857"]
[BlackElo "1580"]

1. f4 d5 2. Nf3 c5 3. g3 Nc6 4. Bg2 g6 5. c3 Bg7 6. d3 Nf6 7. O-O O-O 8. Qc2 Bf5
9. Nh4 Bg4 10. h3 Bd7 11. e4 dxe4 12. dxe4 Qc8 13. Kh2 Be6 14. Be3 b6 15. Nd2
Rd8 16. b3 Qc7 17. Ndf3 Bc8 18. Rae1 Ba6 19. c4 Nb4 20. Qb1 Bb7 21. Ne5 Nd7 22.
Nxd7 Qxd7 23. Rd1 Qc7 24. a3 Nc6 25. e5 Na5 26. Qc2 Bxg2 27. Nxg2 Nc6 28. Rd5
e6 29. Rxd8+ Rxd8 30. Rd1 Rxd1 31. Qxd1 Qd8 32. Qxd8+ Nxd8 33. b4 Bf8 34. b5 Nb7
35. Bd2 Be7 36. Ne3 Kg7 37. Ng4 h5 38. Nf2 f5 39. Nd3 Kf7 40. Kg2 Bd8 41. Nc1
Kg7 42. Nb3 Kf7 43. Kf3 Kg7 44. Be3 Be7 45. Bd2 Bd8 46. a4 Be7 47. a5 Bd8 48.
a6 Na5 49. Bxa5 bxa5 50. Nxc5 1-0

[Event "III Miedzynarodowy Memorial Ireny Warakomskiej - Open B"]
[Site "Suwalki"]
[Date "2019.08.12"]
[Round "4.36"]
[White "Koziol, Pawel"]
[Black "Kalvaitis, Gintautas "]
[Result "1-0"]
[WhiteTitle ""]
[BlackTitle ""]
[WhiteElo "1852"]
[BlackElo "1751"]

1. e4 e5 2. Nf3 Nc6 3. Bc4 Bc5 4. c3 Nf6 5. d3 O-O 6. O-O h6 7. h3 d6 8. a4 Qe7
9. b4 Nxb4 10. cxb4 Bxb4 11. Qb3 Bc5 12. Be3 Bxe3 13. fxe3 c6 14. Nc3 Rb8 15.
Qa2 b6 16. Qf2 a6 17. Nh4 Kh7 18. Nf5 Bxf5 19. Qxf5+ Kg8 20. Bxa6 Qa7 21. Bc4
b5 22. axb5 Qxe3+ 23. Kh2 cxb5 24. Nxb5 Qc5 25. Nc3 Qd4 26. Ne2 Qe3 27. Ng3 Qg5
28. Qf3 Rb7 29. Nf5 Ne8 30. Rf2 g6 31. Ne3 Kg7 32. Raf1 f6 33. Qe2 h5 34. Rf3
Kh7 35. Nd5 f5 36. exf5 Rxf5 37. Rxf5 gxf5 38. Qf3 Rf7 39. Nf4 Rf6 40. Nxh5 Rg6
41. Bf7 Rh6 42. Bxe8 f4 43. Ra1 Re6 44. Bd7 Re7 45. Bg4 Qg6 46. Qe4 Rf7 47. Ra8
Qxe4 48. dxe4 Kg6 49. Ra6 Kg5 50. Rxd6 Kh4 51. Nf6 Kg5 52. Nd5 Kh4 53. Rh6+ Kg5
54. Rh5+ Kg6 55. Rxe5 1-0

[Event "III Miedzynarodowy Memorial Ireny Warakomskiej - Open B"]
[Site "Suwalki"]
[Date "2019.08.12"]
[Round "4.37"]
[White "Koseski, Damian"]
[Black "Szczotka, Klara"]
[Result "1-0"]
[WhiteTitle ""]
[BlackTitle ""]
[WhiteElo "1846"]
[BlackElo "1732"]

1. d4 Nf6 2. c4 e6 3. Nf3 d5 4. Bg5 h6 5. Bh4 Bb4+ 6. Nbd2 g5 7. Bg3 g4 8. Ne5
Ne4 9. Bf4 Qf6 10. Qa4+ Bd7 11. Qxb4 Qxf4 12. Nxe4 b6 13. Nd2 Qxd4 14. Qc3 Qxc3
15. bxc3 Rg8 16. e3 Nc6 17. Nxd7 Kxd7 18. cxd5 exd5 19. Bb5 a6 20. Bxc6+ Kxc6
21. O-O f5 22. Nb3 Kd6 23. Rfd1 Ke5 24. Nd4 c5 25. Ne2 Rac8 26. Nf4 Rcd8 27. Rab1
Rd6 28. g3 Rgd8 29. a4 R8d7 30. Rb2 Rd8 31. Rdb1 d4 32. cxd4+ cxd4 33. exd4+ Kxd4
34. Rxb6 Kc3 35. Rxd6 Rxd6 36. a5 Rd2 37. Rb6 Ra2 38. Rxa6 Kb4 39. Ra8 Kb5 40.
a6 Kb6 41. a7 Kb7 42. Rf8 Kxa7 43. Rxf5 Ra6 44. Rf7+ Kb8 45. Rg7 Kc8 46. Rxg4
Ra1+ 47. Kg2 Ra5 48. Rg6 h5 49. Rh6 h4 50. Rxh4 Kd7 51. Rh5 Ra2 52. Re5 Kd6 53.
Re3 Ra8 54. h4 Rh8 55. h5 Kd7 56. g4 Rg8 57. Kg3 1-0

[Event "III Miedzynarodowy Memorial Ireny Warakomskiej - Open B"]
[Site "Suwalki"]
[Date "2019.08.12"]
[Round "4.38"]
[White "Kruczynski, Marek"]
[Black "Gardian, Adam"]
[Result "0-1"]
[WhiteTitle ""]
[BlackTitle ""]
[WhiteElo "1723"]
[BlackElo "1842"]

1. e4 c5 2. b3 Nc6 3. Bb2 d6 4. Ne2 e5 5. Ng3 Nf6 6. Be2 Be7 7. O-O O-O 8. c3 d5
9. d3 Be6 10. Nd2 Qd7 11. Qc2 Rac8 12. Rfd1 Rfd8 13. Rac1 a6 14. Qb1 Qe8 15. Nf3
Bd6 16. h3 Qe7 17. Bf1 d4 18. Re1 Ne8 19. c4 Bc7 20. Red1 Nd6 21. Ba3 Bb6 22.
Re1 Qf6 23. Be2 Rf8 24. Bd1 Qe7 25. Rc2 f6 26. Rce2 Ba5 27. Rf1 Bb4 28. Bc1 b5
29. a3 Bc3 30. Rc2 Rb8 31. Qa2 a5 32. Ne2 a4 33. Rxc3 dxc3 34. Nxc3 axb3 35. Bxb3
bxc4 36. dxc4 Na5 37. Nd2 Nxb3 38. Nd5 Bxd5 39. exd5 Nxc1 40. Rxc1 Qb7 0-1

[Event "III Miedzynarodowy Memorial Ireny Warakomskiej - Open B"]
[Site "Suwalki"]
[Date "2019.08.12"]
[Round "4.39"]
[White "Olszewski, Jan "]
[Black "Dziewonski, Dariusz"]
[Result "1/2-1/2"]
[WhiteTitle ""]
[BlackTitle ""]
[WhiteElo "1405"]
[BlackElo "1838"]

1. e4 c5 2. Nf3 d6 3. Bb5+ Bd7 4. Bxd7+ Nxd7 5. c4 Ngf6 6. Nc3 g6 7. d4 cxd4 8.
Nxd4 Bg7 9. Be3 Ne5 10. f3 O-O 11. b3 Rc8 12. O-O Nc6 13. Rc1 a6 14. Qd2 Nd7 15.
Rfd1 Qa5 16. Nd5 Qxd2 17. Rxd2 Rfe8 18. Rcd1 Nc5 19. Nb6 Rc7 20. Nd5 Rcc8 21.
Nb6 Rc7 22. Nd5 Rcc8 23. Nb6 Rc7 24. Nd5 1/2-1/2

[Event "III Miedzynarodowy Memorial Ireny Warakomskiej - Open B"]
[Site "Suwalki"]
[Date "2019.08.12"]
[Round "4.40"]
[White "Jeda, Maciej "]
[Black "Warcaba, Jakub "]
[Result "1-0"]
[WhiteTitle ""]
[BlackTitle ""]
[WhiteElo "1815"]
[BlackElo "1661"]

1. e4 e5 2. Nf3 Nc6 3. Nc3 Nf6 4. Bb5 Bc5 5. O-O O-O 6. Bxc6 dxc6 7. h3 Qe7 8.
d3 Nd7 9. Ne2 Rd8 10. Ng3 g6 11. Qe2 Nf8 12. Be3 Bxe3 13. fxe3 c5 14. c3 b6 15.
d4 exd4 16. exd4 cxd4 17. cxd4 Qd6 18. e5 Qe7 19. Rad1 Bb7 20. Ne4 Ne6 21. Nf6+
Kh8 22. Qe3 Bxf3 23. Qh6 Nf8 24. Rxf3 c5 25. Rf4 Rxd4 26. Rdxd4 Qxe5 27. Rde4
Qxb2 28. Ne8 1-0

[Event "III Miedzynarodowy Memorial Ireny Warakomskiej - Open B"]
[Site "Suwalki"]
[Date "2019.08.12"]
[Round "4.41"]
[White "Hryharovich, Aliaksei"]
[Black "Wiewiora, Michalina"]
[Result "1-0"]
[WhiteTitle ""]
[BlackTitle ""]
[WhiteElo "1659"]
[BlackElo "1812"]

1. e4 c6 2. d4 d5 3. exd5 cxd5 4. c4 Nf6 5. Nc3 Nc6 6. Bg5 dxc4 7. d5 Ne5 8. Qd4
Nd3+ 9. Bxd3 cxd3 10. Qxd3 Bd7 11. Nf3 Qb6 12. O-O h6 13. Bxf6 Qxf6 14. Rfe1 Rd8
15. Rad1 a6 16. d6 Bc6 17. Ne4 Qf5 18. Nd4 Bxe4 19. Rxe4 Qd5 20. dxe7 Bxe7 21.
Qe3 Rd7 22. h3 Kd8 23. Rd2 Bb4 24. Ne6+ Qxe6 25. Rxe6 Bxd2 26. Qb6+ Kc8 27. Rd6
Rxd6 28. Qxd6 Bg5 29. Qc5+ Kd7 30. Qd5+ Kc8 31. Qc5+ Kd7 32. Qd4+ Ke7 33. Qe4+
Kf6 34. Qxb7 Re8 35. Qxa6+ Re6 36. Qc4 Ke7 37. a4 Bf6 38. b4 Be5 39. g3 Rd6 40.
a5 Rd4 41. Qc5+ Ke6 42. a6 Rd1+ 43. Kg2 Bd6 44. Qc4+ Ke7 45. a7 Ra1 46. a8=Q 1-0

[Event "III Miedzynarodowy Memorial Ireny Warakomskiej - Open B"]
[Site "Suwalki"]
[Date "2019.08.12"]
[Round "4.42"]
[White "Szczygiel, Jakub "]
[Black "Borowik, Wojciech"]
[Result "1-0"]
[WhiteTitle ""]
[BlackTitle ""]
[WhiteElo "1809"]
[BlackElo "1599"]

1. Nf3 c5 2. e3 Nc6 3. d4 d5 4. c4 e6 5. cxd5 exd5 6. Nc3 Nf6 7. Be2 cxd4 8. Nxd4
Be7 9. O-O O-O 10. a3 a6 11. b4 Qc7 12. Bb2 Bd7 13. Rc1 Qd6 14. Bf3 Ne5 15. Be2
Nc4 16. Bxc4 dxc4 17. Nf3 Qc7 18. Nd5 Nxd5 19. Qxd5 b5 20. Qh5 a5 21. Rfd1 Rad8
22. h3 axb4 23. axb4 f6 24. Bc3 Kh8 25. Nd4 Qb8 26. Rd2 Qa7 27. Rcd1 Be8 28. Qg4
h5 29. Qg3 Bd7 30. Ne2 Be8 31. Nf4 g5 32. Qxg5 Qa4 33. Qh6+ Kg8 34. Rd5 Rf7 35.
Rg5+ fxg5 36. Qh8# 1-0

[Event "III Miedzynarodowy Memorial Ireny Warakomskiej - Open B"]
[Site "Suwalki"]
[Date "2019.08.12"]
[Round "4.43"]
[White "Kuleba, Ivan "]
[Black "Diachek, Alina "]
[Result "1-0"]
[WhiteTitle ""]
[BlackTitle ""]
[WhiteElo "1609"]
[BlackElo "1804"]

1. c4 Nf6 2. Nc3 e6 3. e4 d6 4. d4 Be7 5. Nf3 b6 6. Bd3 Bb7 7. O-O O-O 8. Qc2 Nfd7
9. Bf4 g6 10. Bh6 Re8 11. Qd2 Bf6 12. Bg5 Bxg5 13. Qxg5 Qxg5 14. Nxg5 a6 15. f4
h6 16. Nf3 e5 17. fxe5 dxe5 18. Nd5 Bxd5 19. cxd5 exd4 20. Nxd4 Nc5 21. Bc2 Nxe4
22. Rae1 Nd6 23. Rxe8+ Nxe8 24. Re1 Nd7 25. b4 Nef6 26. Bb3 Re8 27. Rxe8+ Nxe8
28. Nc6 Kg7 29. Kf2 Kf6 30. Ke3 Nd6 31. Kd4 Kf5 32. a4 Kf4 33. Bc2 b5 34. a5 Nc4
35. Nd8 Nd6 36. Nc6 h5 37. Bd3 h4 38. Bc2 g5 39. Bd3 g4 40. Ne7 Kg5 41. Nc6 Nf5+
42. Bxf5 Kxf5 43. d6 cxd6 44. Kd5 Ne5 45. Nd4+ Kf4 46. Nxb5 h3 47. gxh3 gxh3 48.
Nd4 Nf3 49. b5 axb5 50. a6 Nxd4 51. Kxd4 Kf3 52. a7 Kg2 53. a8=Q+ Kxh2 54. Qg8
b4 55. Ke3 1-0

[Event "III Miedzynarodowy Memorial Ireny Warakomskiej - Open B"]
[Site "Suwalki"]
[Date "2019.08.12"]
[Round "4.44"]
[White "Zalega, Maciej "]
[Black "Pavlytchev, Mikhail"]
[Result "1/2-1/2"]
[WhiteTitle ""]
[BlackTitle ""]
[WhiteElo "1429"]
[BlackElo "1790"]

1. e4 c5 2. Nf3 e6 3. d4 cxd4 4. Nxd4 a6 5. c4 Nf6 6. Nc3 Bb4 7. Bd3 Qc7 8. O-O
Nc6 9. Nxc6 dxc6 10. f4 e5 11. f5 Bc5+ 12. Kh1 h5 13. Qf3 b5 14. Bg5 Ng4 15. cxb5
axb5 16. Rac1 Qb6 17. Bh4 b4 18. Nd1 Rxa2 19. h3 Nf6 20. Qg3 Kf8 21. Qxe5 Be7
22. Bxf6 gxf6 23. Qf4 Ba6 24. Bxa6 Qxa6 25. Rf2 Ra1 26. Rfc2 Rxc1 27. Rxc1 c5
28. Ne3 Qd6 29. Nd5 Qxf4 30. Nxf4 Kg7 31. Nd3 Rc8 32. Nxb4 c4 33. Nd5 Bd6 34.
Nb6 Rc6 35. Nxc4 Bf4 36. Rc2 Ra6 37. g4 hxg4 38. hxg4 Kh6 39. Kg2 Kg5 40. Kf3
Ra1 41. Rg2 Rd1 42. Ke2 Rd4 43. b3 Rxe4+ 44. Kd3 Re1 45. Kc3 Rc1+ 46. Kd3 1/2-1/2

[Event "III Miedzynarodowy Memorial Ireny Warakomskiej - Open B"]
[Site "Suwalki"]
[Date "2019.08.12"]
[Round "4.45"]
[White "Wolagiewicz, Kinga "]
[Black "Jagura, Norbert "]
[Result "0-1"]
[WhiteTitle ""]
[BlackTitle ""]
[WhiteElo "1650"]
[BlackElo "1786"]

1. e4 e6 2. d4 d5 3. Nc3 Nf6 4. e5 Nfd7 5. f4 c5 6. Nf3 Nc6 7. Be3 g6 8. Qd2 a6
9. Be2 b5 10. a3 Be7 11. O-O Bb7 12. Kh1 h5 13. Rad1 Qb6 14. dxc5 Bxc5 15. Bxc5
Nxc5 16. Nd4 O-O-O 17. Nxc6 Qxc6 18. Qd4 Ne4 19. Na2 Kb8 20. Nb4 Qc7 21. Rc1 h4
22. a4 a5 23. Nd3 b4 24. Nf2 Rc8 25. Bd3 Nxf2+ 26. Rxf2 Qc5 27. Qxc5 Rxc5 28.
Kg1 d4 29. Bb5 Rhc8 30. Rd2 b3 31. c4 dxc3 32. bxc3 Rxc3 33. Rb1 Rc1+ 34. Rd1
Rxd1+ 35. Rxd1 b2 36. Kf2 Rc1 0-1

[Event "III Miedzynarodowy Memorial Ireny Warakomskiej - Open B"]
[Site "Suwalki"]
[Date "2019.08.12"]
[Round "4.46"]
[White "Baranska, Monika "]
[Black "Burak, Vyacheslav"]
[Result "1-0"]
[WhiteTitle ""]
[BlackTitle ""]
[WhiteElo "1784"]
[BlackElo "1509"]

1. d4 d5 2. c4 c6 3. e3 Nf6 4. Nc3 Bg4 5. Qb3 Qb6 6. Qxb6 axb6 7. cxd5 Nxd5 8.
Nxd5 cxd5 9. Bd3 Nc6 10. Bd2 e6 11. a3 Bb4 12. Rc1 Bxd2+ 13. Kxd2 Ke7 14. Ne2
Rhc8 15. Rc3 Bf5 16. Bxf5 exf5 17. Rhc1 g5 18. Kd3 Na7 19. Rc7+ Ke6 20. Rxb7 Rxc1
21. Nxc1 b5 22. Rb6+ Ke7 23. Ra6 Kd7 24. Nb3 Kc7 25. Nc5 b4 26. axb4 Kb8 27. Rf6
Nc8 28. Rxf7 Ra1 29. Rxf5 Rb1 30. Kc2 Rf1 31. Nd3 h6 32. Rf6 Rg1 33. g3 h5 34.
Rh6 h4 35. gxh4 gxh4 36. Rxh4 Rg2 37. Rh5 Nb6 38. h4 Nc4 39. Kb3 Nb6 40. Rg5 Rh2
41. h5 Kb7 42. Rf5 Ka6 43. Nc1 Rg2 44. Ne2 Rg7 45. Nc3 Rd7 46. h6 1-0

[Event "III Miedzynarodowy Memorial Ireny Warakomskiej - Open B"]
[Site "Suwalki"]
[Date "2019.08.12"]
[Round "4.47"]
[White "Plesiuk, Jan "]
[Black "Wilk, Igor "]
[Result "0-1"]
[WhiteTitle ""]
[BlackTitle ""]
[WhiteElo "1695"]
[BlackElo "1600"]

1. d4 Nf6 2. Bf4 e6 3. e3 b6 4. Nd2 Bb7 5. Ngf3 Be7 6. h3 c5 7. c3 d6 8. Qc2 Nbd7
9. Nc4 Qc7 10. Rd1 Rd8 11. Ncd2 O-O 12. g4 e5 13. dxe5 Nxe5 14. Be2 Nxf3+ 15.
Bxf3 Bxf3 16. Nxf3 Qc6 17. Ke2 Ne4 18. Nd4 cxd4 19. Rxd4 Nxc3+ 20. Qxc3 Qxh1 21.
e4 Bf6 0-1

[Event "III Miedzynarodowy Memorial Ireny Warakomskiej - Open B"]
[Site "Suwalki"]
[Date "2019.08.12"]
[Round "5.1"]
[White "Gawronski, Miroslaw"]
[Black "Kaczmarek, Arkadiusz "]
[Result "1/2-1/2"]
[WhiteTitle ""]
[BlackTitle ""]
[WhiteElo "2076"]
[BlackElo "1986"]

1. c4 c6 2. d4 d5 3. Nf3 Nf6 4. Nc3 e6 5. a4 dxc4 6. e3 c5 7. Bxc4 Nc6 8. O-O cxd4
9. exd4 Be7 10. h3 O-O 11. Be3 Nb4 12. Qb3 Bd7 13. Ne5 Bc6 14. Nxc6 bxc6 15. Rad1
Nbd5 16. Bc1 Qa5 17. Rd3 Rab8 18. Qd1 Rfd8 19. Re1 Bf8 20. Ne4 Nxe4 21. Rxe4 c5
22. dxc5 Nb4 23. Rxd8 Rxd8 24. Qe2 Bxc5 25. b3 Nc6 26. Bf4 Nd4 27. Qd3 Nf5 28.
Qf3 Nd4 29. Qg3 Nf5 30. Qg4 Qb6 31. Re2 h5 32. Qxh5 Rd1+ 33. Kh2 Bxf2 34. Rxf2
Qxf2 35. Qxd1 Qxf4+ 36. Kh1 Ng3+ 37. Kg1 Ne4 38. Qe1 g6 39. a5 Qe5 40. Bf1 Qd4+
41. Kh2 f5 42. Bc4 Kg7 43. Qb4 Qe5+ 44. Kh1 Qa1+ 45. Kh2 Qe5+ 46. Kh1 1/2-1/2

[Event "III Miedzynarodowy Memorial Ireny Warakomskiej - Open B"]
[Site "Suwalki"]
[Date "2019.08.12"]
[Round "5.2"]
[White "Musial, Tomasz "]
[Black "Bogdanov, Ignat"]
[Result "1/2-1/2"]
[WhiteTitle ""]
[BlackTitle ""]
[WhiteElo "1935"]
[BlackElo "2075"]

1. d4 Nf6 2. c4 e6 3. g3 d5 4. Bg2 Be7 5. Nf3 O-O 6. O-O dxc4 7. Ne5 Nc6 8. Bxc6
bxc6 9. Nxc6 Qe8 10. Nxe7+ Qxe7 11. Qc2 e5 12. dxe5 Qxe5 13. Bf4 Qe6 14. Nc3 Bb7
15. Rae1 Nh5 16. Bc1 f5 17. f3 Nf6 18. b3 Rfe8 19. bxc4 Qxc4 20. Qb3 Qxb3 21.
axb3 Nd5 22. Nxd5 Bxd5 23. b4 a5 24. bxa5 Rxa5 25. Bf4 c5 26. e3 Bc4 27. Ra1 Rea8
28. Rxa5 Rxa5 29. Rc1 Bd5 30. Bd6 Bxf3 31. Rxc5 Rxc5 1/2-1/2

[Event "III Miedzynarodowy Memorial Ireny Warakomskiej - Open B"]
[Site "Suwalki"]
[Date "2019.08.12"]
[Round "5.3"]
[White "Ryszkiewicz, Adam"]
[Black "Kowalec, Maciej"]
[Result "1/2-1/2"]
[WhiteTitle ""]
[BlackTitle ""]
[WhiteElo "1927"]
[BlackElo "2074"]

1. e4 d6 2. d4 g6 3. Nc3 Bg7 4. f4 c6 5. Nf3 d5 6. e5 h5 7. Bd3 Nh6 8. Ne2 Bg4
9. Ng3 e6 10. h3 Bxf3 11. Qxf3 Nd7 12. Be3 Qb6 13. O-O-O O-O-O 14. Ne2 h4 15.
Bf2 Nf5 16. Rhg1 Rdg8 17. Bxf5 exf5 18. Rd3 Nf8 19. Rb3 Qc7 20. Nc3 Kb8 21. Kb1
Ne6 22. Ne2 Rd8 23. Rc1 Qd7 24. c4 Ka8 25. c5 g5 26. Rf1 f6 27. Bg1 gxf4 28. Nxf4
Ng5 29. Qd3 fxe5 30. dxe5 Rh6 31. Bd4 Ne4 32. Qc2 Re8 33. Nd3 Rg6 34. Ra3 a6 35.
Ka1 Rg3 36. Qe2 Qf7 37. Rf3 Rxf3 38. gxf3 Ng3 39. Qf2 f4 40. b4 Kb8 41. Bb2 Qf5
42. Qg2 Rd8 43. Rb3 d4 44. a4 Bxe5 45. b5 axb5 46. axb5 cxb5 47. Qd2 Bc7 48. Rxb5
Kc8 49. Rb3 Qxh3 50. Qb4 Qf1+ 51. Nc1 Qa6+ 52. Ra3 Qc6 53. Ra8+ Bb8 54. Bxd4 Kd7
55. Qb3 Ke7 56. Qd3 Qh6 57. Qb5 Rxd4 58. Qxb7+ Rd7 59. Qxb8 Qf6+ 60. Kb1 Qf5+
61. Ka1 Qf6+ 62. Kb1 Qf5+ 63. Ka1 Qf6+ 1/2-1/2

[Event "III Miedzynarodowy Memorial Ireny Warakomskiej - Open B"]
[Site "Suwalki"]
[Date "2019.08.12"]
[Round "5.4"]
[White "Wloch, Mikolaj "]
[Black "Zurkowski, Andrzej "]
[Result "0-1"]
[WhiteTitle ""]
[BlackTitle ""]
[WhiteElo "1771"]
[BlackElo "2071"]

1. e4 c6 2. Nf3 d5 3. exd5 cxd5 4. d4 Nf6 5. Nc3 Bg4 6. h3 Bh5 7. Bb5+ Nc6 8. Bf4
e6 9. O-O Bd6 10. Bxd6 Qxd6 11. Be2 Bxf3 12. Bxf3 Qb4 13. Ne2 Qxb2 14. Qd3 Qb6
15. Rab1 Qc7 16. Qb5 Rb8 17. c4 Qd6 18. cxd5 exd5 19. Rfc1 O-O 20. Rc5 a6 21.
Qa4 Ne4 22. Rc2 Rfe8 23. Nc3 h6 24. Bxe4 dxe4 25. d5 Ne5 26. Rxb7 Rxb7 27. Qxe8+
Kh7 28. Qc8 Rb4 29. Kf1 g6 30. Re2 Rc4 31. Nxe4 Qb6 32. Qe8 Rc1+ 33. Re1 Rxe1+
34. Kxe1 Qb1+ 35. Kd2 Qxe4 36. d6 Nc4+ 0-1

[Event "III Miedzynarodowy Memorial Ireny Warakomskiej - Open B"]
[Site "Suwalki"]
[Date "2019.08.12"]
[Round "5.5"]
[White "Maciejewski, Kamil "]
[Black "Bojczewski, Mateusz"]
[Result "1-0"]
[WhiteTitle ""]
[BlackTitle ""]
[WhiteElo "2065"]
[BlackElo "1836"]

1. Nf3 Nf6 2. g3 d5 3. Bg2 e6 4. O-O c5 5. d3 Nc6 6. Nbd2 Be7 7. e4 b6 8. Re1 Bb7
9. e5 Nd7 10. Nf1 Qc7 11. Bf4 g5 12. Nxg5 Bxg5 13. Bxg5 Ncxe5 14. f4 h6 15. Qh5
Ng6 16. Rxe6+ fxe6 17. Qxg6+ Kf8 18. Bxh6+ Ke7 19. Re1 e5 20. Qg7+ Kd6 21. Rxe5
Qd8 22. Bg5 Qg8 23. Qe7+ Kc7 24. Re6 Qf8 25. Ne3 Qxe7 26. Rxe7 Kd6 27. Nxd5 Bxd5
28. Bxd5 Rae8 29. Rxe8 Rxe8 30. Be4 c4 31. Kf2 Nc5 32. Kf3 a5 33. h4 b5 34. h5
b4 35. Bg6 Rh8 36. dxc4 Ke6 37. f5+ Ke5 38. Bf4+ Kf6 39. Be3 Rc8 40. Bd4+ 1-0